000 00259nam a22001217a 4500
008 170906b xxu||||| |||| 00| 0 eng d
041 _aeng
080 _a72
100 _a41
101 _aARK
245 _aARCHITECTURAL DIGEST
_cBENSON.H
942 _2udc
_cBK
999 _c26393
_d26393